| 000 | 00450 a2200157 4500 | ||
|---|---|---|---|
| 005 | 20250621085943.0 | ||
| 020 | _a0-582-06594-1 | ||
| 082 | _aTEA LM 604.2 RHO | ||
| 100 | _aRHODES, R. S. | ||
| 245 | _aBasic Engineering Drawing. | ||
| 260 |
_aNew York, _bLongman, _c1990. |
||
| 300 |
_a182p.: ill.; figure,table _c29cm |
||
| 700 | _aCOOK, R. S. | ||
| 856 |
_yAccess Online Book _f Engineering Drawing _dhtt://www.pearsoned.co.uk |
||
| 942 |
_2ddc _cBKS |
||
| 999 |
_c3154 _d3154 |
||